000 00238nam a2200097Ia 4500
001 687512
005 20250826161557.0
008 250824s9999 xx 000 0 und d
245 0 _aKUMDAN SALINCAK
_cHANZADE SERVİ
260 _bTUDEM YAYINLARI
999 _c687512
_d687512